LEADER 00898nam a2200205 i 4500 001 000000226090 003 CaOOAMICUS 005 20140107000000.0 008 140107s1843 it u000 u ita u 013 $a204992 040 $aSeMil$bita 245 10$aVol. 1. 300 $a269 p. 490 0 $aBiblioteca ecclesiastica. Classe 1., Storia e vite 773 0 $aMöhler, Johann Adam <1796-1838>$tAtanasio il Grande e la Chiesa del suo tempo massime nella controversia coll'arianesimo.$dMilano : Pirotta e C., 1843-1844.$kBiblioteca ecclesiastica. Classe 1., Storia e vite$g1$w()12496 830 0$aBiblioteca ecclesiastica. Classe 1., Storia e vite.$0(OLS)http://semarc/title/22563 850 $aSeMil 852 $aSeMil$W1$xVenegono$y1$m2U V 91 FA$j176436$B176436$CSeMilBibl$Z2$F186966 $8I 961 $aOmaggio: Seminario Arcivescovile di Milano 996 $6245$aVol. 1$9(OLS)http://semarc/title/13429 LEADER 00976nam a2200217 i 4500 001 000000043898 003 CaOOAMICUS 005 20100610000000.0 008 100610s1952 it u000 u ita u 013 $a15068 040 $aSeMil$bita 100 1 $aFrascisco, Reginaldo .$0(OLS)http://semarc/name/17630 245 10$aS. Pietro da Verona :$bmartire domenicano, 1252-1952 /$cReginaldo Frascisco. 260 $a[S.l.] :$bEdizioni Paoline,$cstampa 1952$e(Alba (Cuneo) :$fSan Paolo,$gstampa 1952) 300 $a168 p. :$bill. ;$c18 cm. 650 4$aPietro : da Verona .$0(OLS)http://semarc/subject/5398 850 $aSeMil 852 $aSeMil$W1$xVenegono$y1$m3H I 375$j10053$B10053$CSeMilBibl$Z2$F10053 $81 961 $aOmaggio: Biblioteca Seminario Seveso (fino al 1985) 996 $6245$aS. Pietro da Verona :$bmartire domenicano, 1252-1952$9(OLS)http://semarc/title/64671 996 $6260$a[S.l.] :$bEdizioni Paoline$9(OLS)http://semarc/publisher/36818